| 000 | 00489nam a22001577a 4500 | ||
|---|---|---|---|
| 003 | OSt | ||
| 005 | 20150930092526.0 | ||
| 008 | 150930b xxu||||| |||| 00| 0 eng d | ||
| 040 | _cRUA | ||
| 082 | _aAGR MON 2002 B061 Or.1 | ||
| 100 |
_91581 _aMONG SEANG NGIM |
||
| 245 | _aE'tude sur le croisement des parents du poulet ge'ne k (local) a v e c isa brown en utilisant l'inse'mination artificielle, | ||
| 260 |
_aphnom penh _bRUA _c2002 |
||
| 300 |
_a40p. _bill. _c29cm. |
||
| 942 |
_2ddc _cAGR |
||
| 999 |
_c1492 _d1492 |
||